000 00340nam a22001337a 4500
020 _a01453175
082 _a657.45 MAU
100 _aMAUTZ, R .K
_98166
245 _aThe Philosophy of Auditing
260 _aBerkeley
_bAmerican Accounting Association
_c1961
300 _aix;248p
_bill,22cm
700 _aHussein A Sharaf
_98167
942 _cBK
999 _c20432
_d20432